000 00561nam a2200181Ia 4500
999 _c22686
_d22686
003 OSt
005 20200515102737.0
008 190216s9999||||xx |||||||||||||| ||und||
020 _a8185220158
040 _coclc
082 _a934
_bKAU/A
100 _aKaur, Surinder
_92063
245 0 _aArcheology Of Babri Masjid Ayodhya /
_cSurinder Kaur ; Sher Singh
260 _bGenuin Publications,
_aNew Delhi:
_c1994.
300 _a204p
650 0 _aHistory & geography
_92271
_vIslamic History
942 _cBK
_2ddc
_h934
_iKAU/A
_k934
_mKAU/A